Guess the Lyrics #70 - Statistics

General Stats
  • This quiz has been taken 828 times
    814 since last reset
  • The average score is 204 of 482
Answer Stats
Lyrics % Correct
I
99%
a
97%
you
93%
you,
93%
the
91%
The
91%
(l-love
78%
love
78%
(love
78%
love,
78%
me
78%
we
78%
and
76%
And
76%
to
76%
T-O
76%
your
75%
in
73%
is
73%
it
73%
When
73%
on
71%
on)
71%
on,
71%
So
66%
Hear
65%
No
65%
no
65%
my
64%
of
63%
I'm
60%
She
58%
her
57%
us
54%
that
53%
like
52%
it's
51%
don't
48%
this
48%
With
46%
life
45%
life,
45%
see
44%
all
43%
how
43%
Night
42%
(oh)
42%
oh-whoa
42%
our
42%
baby,
41%
baby
41%
baby?
41%
got
41%
just
41%
as
40%
but
39%
up,
39%
up
39%
up)
39%
from
37%
get
37%
Get
37%
now,
35%
now
35%
Now,
35%
now-now,
35%
man
34%
man)
34%
Yeah,
34%
Yeah
34%
yeah,
34%
(yeah,
34%
(yeah)
34%
Fallin'
33%
gon'
33%
Gon'
33%
last,
33%
last
33%
I've
32%
or
32%
down,
30%
down
30%
Down,
30%
down-down,
30%
feel
30%
dance,
29%
dance
29%
falling
28%
again
27%
again)
27%
again-gain)
27%
'Cause
27%
take
27%
tonight
27%
think
26%
back
25%
Back,
25%
right
25%
(come
24%
come
24%
DJ
24%
make
23%
Hands
22%
hands
22%
those
22%
Gonna
21%
eye-eyes
20%
eyes,
20%
eyes
20%
Eyes,
20%
put
20%
Put
20%
body
19%
over
19%
That's
19%
world)
19%
before?
18%
before
18%
gone
18%
seen
18%
club
17%
knew
17%
music
17%
there's
17%
There's
17%
done
16%
evil,
16%
evil
16%
lie
15%
speak
15%
Keep
14%
side
14%
Side,
14%
side,
14%
let's
13%
DJ Got Us Fallin' in Love - Usher
12%
God
12%
hot
11%
remember
11%
Usher
11%
Usher,
11%
Ain't
10%
bodies
10%
fire
10%
fire,
10%
Thank
10%
thank
10%
tomorrow
10%
rockin'
9%
(somebody
9%
(Somebody
9%
week
9%
both
8%
control
8%
ow,
8%
roll,
8%
set
8%
uh
8%
zombie
8%
burn
7%
Hope
7%
movie,
7%
red
7%
Swear
7%
drinks
6%
Mr.
6%
(Mr.
6%
roof
6%
room
6%
step
6%
suddenly
6%
catch
5%
drops,
5%
Worldwide
5%
Worldwide,
5%
Bada bing,
4%
bada boom,
4%
DJs
4%
downing
4%
headlock
4%
hustler
4%
motherf-
4%
(dale)
3%
(dale,
3%
dreadlock
3%
Mami
3%
mami
3%
TIVO
3%
twisted
3%
wrestle,
3%
Yabba-dabba-doo,
3%
bedrock,
2%
leggo)
2%
No matching quizzes found
Score Distribution
Percent of People with Each Score
Percentile by Number Answered
Your Score History
You have not taken this quiz since the last reset